| 000 | 00572cam a2200205 a 4500 | ||
|---|---|---|---|
| 020 | _a0072294663 | ||
| 020 | _a0072294841 (AIE) | ||
| 020 | _a0072294817 (CDROM) | ||
| 040 | _cUKM | ||
| 082 | _a512 HIL 2000 A032 Or. | ||
| 100 | 1 | _aDugopolski, Mark | |
| 245 | 1 | 0 | _aIntermediate algebra / |
| 250 | _aEd. 3 | ||
| 260 |
_aBoston ; _aLondon : _bMcGraw Hill, _cc2000 |
||
| 300 |
_axviii, 663, [48], [7] p. : _bill. (some col.) ; _c26 cm |
||
| 500 | _aPrevious ed.: Reading, Mass. : Addison-Wesley, 1996 | ||
| 500 | _aIncludes indexes | ||
| 650 | 0 | _aAlgebra | |
| 942 | _cEK | ||
| 999 |
_c11815 _d11815 |
||